000 00477nam a2200193 i 4500
001 C2-0232972
003 PPAK
005 20180729164312.0
008 010314s1998 nyu|||| ||||| | eng d
020 _a0072906529
040 _aPPAK
_beng
_cPPAK
_erda
245 0 0 _aLife science animations
264 1 _aNew York :
_c1998
336 _2rdacontent
_atext
337 _2rdamedia
_aunmediated
338 _2rdacarrier
_avolume
700 0 _aSumich,
_eeditor
942 _ddc
_cB
999 _c164691
_d164691